Learn fusion 360 in 30 days. Day #30, Animate your product /

Fusion 360's animation workspace allows one to animate how a product works or gets assembled.

Bibliographic Details
Other Authors: Kennedy, Kevin (Speaker)
Format: Video
Language:English
Language Notes:In English.
Published: [Place of publication not identified] : Product Design Online, 2021.
Series:Academic Video Online
Subjects:
Online Access:Connect to this streaming video (Alexander Street Press)

MARC

Tag First Indicator Second Indicator Subfields
LEADER 00000cgm a2200000Mi 4500
001 in00005603613
006 m o c
007 cr |n||||||||a
007 vz |za|z|
008 220401s2021 xx 013 e o vneng d
005 20241201234353.7
035 |a (OCoLC)on1317276987 
040 |a ALSTP  |b eng  |e rda  |c ALSTP  |d OCLCF  |d OCLCO  |d DXU 
019 |a 1373485090  |a 1443988803 
035 |a (OCoLC)1317276987  |z (OCoLC)1373485090  |z (OCoLC)1443988803 
049 |a TXAM 
245 0 0 |a Learn fusion 360 in 30 days.  |n Day #30,  |p Animate your product /  |c [Kevin Kennedy]. 
246 3 |a Learn fusion three hundred sixty in thirty days 
264 1 |a [Place of publication not identified] :  |b Product Design Online,  |c 2021. 
300 |a 1 online resource (13 minutes) 
306 |a 001245 
336 |a two-dimensional moving image  |b tdi  |2 rdacontent 
337 |a computer  |b c  |2 rdamedia 
337 |a video  |b v  |2 rdamedia 
338 |a online resource  |b cr  |2 rdacarrier 
347 |a video file  |2 rdaft 
490 0 |a Academic Video Online 
500 |a Title from resource description page (viewed April 5, 2022). 
520 |a Fusion 360's animation workspace allows one to animate how a product works or gets assembled. 
546 |a In English. 
630 0 0 |a Fusion 360. 
650 0 |a Three-dimensional modeling. 
650 0 |a Computer-aided design. 
650 6 |a Modélisation tridimensionnelle. 
650 6 |a Conception assistée par ordinateur. 
650 7 |a Computer-aided design  |2 fast 
650 7 |a Three-dimensional modeling  |2 fast 
655 7 |a Educational films  |2 fast 
655 7 |a Instructional films  |2 fast 
655 7 |a Short films  |2 fast 
655 7 |a Educational films.  |2 lcgft 
655 7 |a Instructional films.  |2 lcgft 
655 7 |a Short films.  |2 lcgft 
655 7 |a Films éducatifs.  |2 rvmgf 
655 7 |a Films de formation.  |2 rvmgf 
655 7 |a Courts métrages.  |2 rvmgf 
700 1 |a Kennedy, Kevin,  |e speaker. 
710 2 |a Product Design Online,  |e publisher. 
856 4 0 |u http://proxy.library.tamu.edu/login?url=https://www.aspresolver.com/aspresolver.asp?MARC;5144312  |z Connect to this streaming video (Alexander Street Press)  |t 0 
955 |a Alexander Street Press subscription streaming video 
994 |a 92  |b TXA 
999 f f |s 3a7681d3-5a29-4c1f-b0da-e90f3f76438d  |i 04a0bf0a-741f-47f3-b673-5bde0250634e  |t 0 
952 f f |a Texas A&M University  |b College Station  |c Electronic Resources  |d Available Online  |t 0  |h Library of Congress classification 
998 f f |t 0  |l Available Online